Geografía. Atlas.

Gespeichert in:
Bibliographische Detailangaben
1. Verfasser: Ballester y Castell, Rafael. Autor
Format: keine Angabe
Sprache:Spanisch
Erschienen: 1941
Katalog:MANES:  Suchergebnis im Bibliothekskatalog
Schulbuchspezifische Eigenschaften:
Tags: Tag hinzufügen
Keine Tags, Fügen Sie den ersten Tag hinzu!
Hinzugefügt zu:26.04.2016

MARC

LEADER 000000000a22000000004500
001 08647
003 OSt
008 160427s sp ||||| |||| 00| 0 spa d
040 |c centro_manes 
041 1 |a spa 
691 7 |a PRI 
100 1 |a Ballester y Castell, Rafael. Autor  |9 4776 
245 0 0 |a Geografía. Atlas. 
260 3 |c 1941 
690 7 |a GEO 
942 |2 ddc  |c BK 
999 |c 14621  |d 14621 
999 |c manes:14621  |d 14621